Modern portfolio management : active long short 130/30 equity strategies (E-Book) (Record no. 193172)
[ view plain ]
| 000 -LEADER | |
|---|---|
| fixed length control field | 01105 a2200325 4500 |
| 003 - CONTROL NUMBER IDENTIFIER | |
| control field | Nust |
| 005 - DATE AND TIME OF LATEST TRANSACTION | |
| control field | 20170207154052.0 |
| 010 ## - LIBRARY OF CONGRESS CONTROL NUMBER | |
| LC control number | 2008028070 |
| 020 ## - INTERNATIONAL STANDARD BOOK NUMBER | |
| International Standard Book Number | 0-470-39853-1 (cloth) |
| 020 ## - INTERNATIONAL STANDARD BOOK NUMBER | |
| International Standard Book Number | 978-0-470-39853-1 (cloth) |
| 035 ## - SYSTEM CONTROL NUMBER | |
| System control number | (OCoLC)233484841 |
| 035 ## - SYSTEM CONTROL NUMBER | |
| System control number | (OCoLC)ocn233484841 |
| 040 ## - CATALOGING SOURCE | |
| Transcribing agency | Nust |
| 082 00 - DEWEY DECIMAL CLASSIFICATION NUMBER | |
| Classification number | 332.6 |
| 100 1# - MAIN ENTRY--PERSONAL NAME | |
| Personal name | Martin L. Leibowitz, Simon Emrich, Anthony Bova |
| 245 10 - TITLE STATEMENT | |
| Title | Modern portfolio management : active long short 130/30 equity strategies (E-Book) |
| Statement of responsibility, etc. | Martin L. Leibowitz, Simon Emrich, Anthony Bova |
| 260 ## - PUBLICATION, DISTRIBUTION, ETC. | |
| Place of publication, distribution, etc. | Hoboken, N.J. : |
| Name of publisher, distributor, etc. | John Wiley & Sons, |
| Date of publication, distribution, etc. | cop. 2009 |
| 300 ## - PHYSICAL DESCRIPTION | |
| Extent | xxix, 511 p. : |
| Other physical details | ill. ; |
| Dimensions | 24 cm. |
| 490 1# - SERIES STATEMENT | |
| Series statement | Wiley finance |
| 500 ## - GENERAL NOTE | |
| General note | Series title from jacket. |
| 650 #0 - SUBJECT ADDED ENTRY--TOPICAL TERM | |
| Topical term or geographic name entry element | Asset allocation. |
| 650 #0 - SUBJECT ADDED ENTRY--TOPICAL TERM | |
| Topical term or geographic name entry element | Investment analysis |
| 650 #0 - SUBJECT ADDED ENTRY--TOPICAL TERM | |
| Topical term or geographic name entry element | Investment analysis. |
| 650 #0 - SUBJECT ADDED ENTRY--TOPICAL TERM | |
| Topical term or geographic name entry element | Portfolio management |
| 650 #0 - SUBJECT ADDED ENTRY--TOPICAL TERM | |
| Topical term or geographic name entry element | Portfolio management. |
| 651 ## - SUBJECT ADDED ENTRY--GEOGRAPHIC NAME | |
| Geographic name | Modern portfolio management : active long short 130/30 equity strategies (E-Book) |
| 700 1# - ADDED ENTRY--PERSONAL NAME | |
| Personal name | Bova, Anthony, |
| Dates associated with a name | 1978- |
| 700 1# - ADDED ENTRY--PERSONAL NAME | |
| Personal name | Emrich, Simon, |
| Dates associated with a name | 1971- |
| 830 #0 - SERIES ADDED ENTRY--UNIFORM TITLE | |
| Uniform title | Wiley finance series. |
| 942 ## - ADDED ENTRY ELEMENTS (KOHA) | |
| Source of classification or shelving scheme | |
| Koha item type | Book |
| Withdrawn status | Lost status | Source of classification or shelving scheme | Damaged status | Not for loan | Collection code | Permanent Location | Current Location | Date acquired | Total Checkouts | Full call number | Barcode | Date last seen | Price effective from | Koha item type |
|---|---|---|---|---|---|---|---|---|---|---|---|---|---|---|
| Military College of Signals (MCS) | Military College of Signals (MCS) | 12/12/2016 | 332.6 LEI | MCSEB-2885 | 12/08/2016 | 12/12/2016 | Book |
